Non-alternative reality? On the misery of the Left in Eastern Europe: the case of Poland
| Titel: | Non-alternative reality? On the misery of the Left in Eastern Europe: the case of Poland / Piotr Żuk |
|---|---|
| Verfasser: | |
| In: |
Journal of contemporary Central and Eastern Europe, Band 25, Heft 1 (2017), Seite 63-84 alle Artikel anzeigen |
| Veröffentlicht: | 2017 |
| Umfang: | 3 Tabellen |
| Format: | Aufsatz |
| Sprache: | Englisch |
X
alg: 46905897 001A $03025:09-09-20 001B $01999:09-09-20 $t22:40:06.000 001D $03025:09-09-20 001U $0utf8 001X $00 002@ $0Oou 002C $aText $btxt $2rdacontent 002D $aComputermedien $bc $2rdamedia 002E $aOnline-Ressource $bcr $2rdacarrier 003@ $0469058978 004P $010.1080/0965156X.2017.1339976 007A $0469058978 $aHEB 010@ $aeng 010E $erda 011@ $a2017 021A $aNon-alternative reality? On the misery of the Left in Eastern Europe: the case of Poland $hPiotr Żuk 028A $BVerfasser $4aut $71114839159 $8Żuk, Piotr$Z1972- [Tp3] $938728883X 031A $d25 $e1 $h63-84 $j2017 034M $a3 Tabellen 039B $aEnthalten in $8--Obvc--. Journal of contemporary Central and Eastern Europe. - Abingdon, Ofordshire : Routlegde, Taylor & Francis Group, 2015-. - Online-Ressource. - ISSN 2573-9646 $x201700000250001937 $9426937147 044K $RKongresspolen $RWestgalizien $#Generalgouvernement Polen $#Polska $#Rzeczpospolita Polska $#Polska Rzeczpospolita Ludowa $#Poland $#Pologne $#République Polonaise $#Generalne Gubernatorstwo w Polsce $#Polish People's Republic $#Polska Rzeczpospolita Polen $#PRL $#RP $#Polen Generalgouvernement $#Polska Generalgouvernement $#Besetzte Polnische Gebiete $#Besetztes Gebiet in Polen $#Okupowane Polskie Obszary $#Obszary Okupowane w Polsce $#Volksrepublik Polen $#Polska Rosyjska $#Republic Polen $#Respublika Pol'ša $#Pol'skaja Narodnaja Respublika $#République de Pologne $#Polen Links der Weichsel $#Polska po Lewej Stronie Wisły $#Lenkija $#Polija $#Gubernija Carstva Pol'skago $#Republik Polen $74046496-9 $8Polen [Tg1] $9085129801 044K $RPolitisches System $#Political culture $#Culture politique $#Cultura politica $#Cultura política $#Politische Kultur $#politische Kultur $74046540-8 $8Politische Kultur [Ts1] $9085129917 044K $RLiberalismus $#Neoliberalism $#Libéralisme économique $#Neoliberalismo $#Neoliberalismus $74171438-6 $8Neoliberalismus [Ts1] $9085789100 044K $RSystemveränderung $#Systemtransformation $#Systemveränderung $#Transformation Systemtransformation $74060633-8 $8Systemtransformation [Ts1] $9085168378 044K $RPartei $RDie @Linke $#Gauche (science politique) $#Linke Partei $#Linksparteien $74167767-5 $8Linkspartei [Ts1] $9085759236 044K $RMeinung $RÖffentlichkeit $RMeinungsbildung $RVolksstimmung $#Public opinion $#Opinion publique $#Opinione pubblica $#Opinión pública $#Öffentliche Meinung $#öffentliche Meinung $74043152-6 $8Öffentliche Meinung [Ts1] $9085120383 045F $a909 $eDDC23BSB 045F/01 $a909 045F/03 $g438 045R $aGeschichte 1989-2015 lok: 46905897 78 exp: 46905897 78 1 #EPN 201B/01 $009-09-20 $t12:22:50.000 201C/01 $009-09-20 201U/01 $0utf8 203@/01 $01122685246 208@/01 $a09-09-20 $be 209A/01 $a/ $f000 $x00 209A/01 $ab*p $x01 220C/01 $apgar 244Z/01 $#Generalgouvernement Polen $#Polska $#Rzeczpospolita Polska $#Polska Rzeczpospolita Ludowa $#Poland $#Pologne $#République Polonaise $#Generalne Gubernatorstwo w Polsce $#Polish People's Republic $#Polska Rzeczpospolita Polen $#PRL $#RP $#Polen Generalgouvernement $#Polska Generalgouvernement $#Besetzte Polnische Gebiete $#Besetztes Gebiet in Polen $#Okupowane Polskie Obszary $#Obszary Okupowane w Polsce $#Volksrepublik Polen $#Polska Rosyjska $#Republic Polen $#Respublika Pol'ša $#Pol'skaja Narodnaja Respublika $#République de Pologne $#Polen Links der Weichsel $#Polska po Lewej Stronie Wisły $#Lenkija $#Polija $#Gubernija Carstva Pol'skago $#Republik Polen $74046496-9 $8--Tg1--Polen $x01 $9085129801 247C/01 $82080>Marburg/Lahn, Herder-Institut, Forschungsbibliothek, Bibliographieportal $9336309341
| LEADER | 00000caa a2200000 c 4500 | ||
|---|---|---|---|
| 001 | 469058978 | ||
| 003 | DE-603 | ||
| 005 | 20200909224006.0 | ||
| 007 | cr|||||||||||| | ||
| 008 | 200909s2017 xx |||| o| u00||u|eng c | ||
| 024 | 7 | |a 10.1080/0965156X.2017.1339976 |2 doi | |
| 035 | |a (DE-599)HEB469058978 | ||
| 040 | |a DE-603 |b ger |c DE-603 |d DE-603 |e rda | ||
| 041 | |a eng | ||
| 082 | 0 | 4 | |8 1\u |a 909 |q DE-101 |2 23/BSB |
| 085 | |8 1\u |b 909 | ||
| 085 | |8 1\u |z 2 |s 438 | ||
| 100 | 1 | |a Żuk, Piotr |d 1972- |e Verfasser |4 aut |0 (DE-603)38728883X |0 (DE-588)1114839159 |2 gnd | |
| 245 | 0 | 0 | |a Non-alternative reality? On the misery of the Left in Eastern Europe: the case of Poland |c Piotr Żuk |
| 264 | 0 | |c 2017 | |
| 300 | |b 3 Tabellen | ||
| 336 | |a Text |b txt |2 rdacontent | ||
| 337 | |a Computermedien |b c |2 rdamedia | ||
| 338 | |a Online-Ressource |b cr |2 rdacarrier | ||
| 648 | 7 | |a Geschichte 1989-2015 |2 gnd | |
| 650 | 7 | |a Politische Kultur |0 (DE-588)4046540-8 |0 (DE-603)085129917 |2 gnd | |
| 650 | 7 | |a Neoliberalismus |0 (DE-588)4171438-6 |0 (DE-603)085789100 |2 gnd | |
| 650 | 7 | |a Systemtransformation |0 (DE-588)4060633-8 |0 (DE-603)085168378 |2 gnd | |
| 650 | 7 | |a Linkspartei |0 (DE-588)4167767-5 |0 (DE-603)085759236 |2 gnd | |
| 650 | 7 | |a Öffentliche Meinung |0 (DE-588)4043152-6 |0 (DE-603)085120383 |2 gnd | |
| 651 | 7 | |a Polen |0 (DE-588)4046496-9 |0 (DE-603)085129801 |2 gnd | |
| 773 | 0 | 8 | |i Enthalten in |t Journal of contemporary Central and Eastern Europe |d Abingdon, Ofordshire : Routlegde, Taylor & Francis Group, 2015- |h Online-Ressource |x 2573-9646 |g Band 25, Heft 1 (2017), Seite 63-84 |w (DE-603)426937147 |w (DE-600)2922261-8 |
| 924 | 1 | |9 2080 |a (DE-603)1122685246 |b DE-2080 |c HES |d d |g / | |


